000 00431nam a2200145 i 4500
001 57398
003 ES-MaACL
007 t|
008 031016s1954 sp ||||1| spa d
100 1 _aDoreste, Domingo.
_945392
245 1 0 _aCrónicas /
_cde "Fray Lesco" [seud.].
260 _aLas Palmas de Gran Canaria :
_bEl Museo Canario,
_c1954 (
_fTalls. San Nicolás)
300 _a215 p. ;
_c21 cm.
852 _aES-MaACL
_jC-8754
_bR.36193
999 _c57398
_d57398